Le sac de Rome, 1527 (Record no. 5967)

MARC details
000 -LEADER
campo de control de longitud fija 00903nam a2200253 i 4500
001 - NÚMERO DE CONTROL
campo de control 5967
003 - IDENTIFICADOR DE NÚMERO DE CONTROL
campo de control ES-MaACL
005 - FECHA Y HORA DE LA ÚLTIMA TRANSACCIÓN
campo de control 20230906144741.0
008 - DATOS DE LONGITUD FIJA--INFORMACIÓN GENERAL
campo de control de longitud fija 890619s1984 fr ||||1| fre d
020 ## - NÚMERO INTERNACIONAL ESTÁNDAR DEL LIBRO
Número Internacional Estándar del Libro 2-07-023248-4
080 ## - NÚMERO DE LA CLASIFICACIÓN DECIMAL UNIVERSAL
Número de la Clasificación Decimal Universal 7.034:945.632 R."1527"
080 ## - NÚMERO DE LA CLASIFICACIÓN DECIMAL UNIVERSAL
Número de la Clasificación Decimal Universal 945.632 R."1527":7.034
100 1# - ENTRADA PRINCIPAL--NOMBRE DE PERSONA
Nombre de persona Chastel, André.
9 (RLIN) 38168
245 13 - MENCIÓN DEL TÍTULO
Título Le sac de Rome, 1527
Resto del título : du premier Maniérisme a la Contre-Réforme /
Mención de responsabilidad, etc. André Chastel.
260 ## - PUBLICACIÓN, DISTRIBUCIÓN, ETC.
Lugar de publicación, distribución, etc. Paris :
Nombre del editor, distribuidor, etc. Gallimard,
Fecha de publicación, distribución, etc. 1984.
300 ## - DESCRIPCIÓN FÍSICA
Extensión 369 p. :
Otras características físicas il. ;
Dimensiones 23 cm.
490 1# - MENCIÓN DE SERIE
Mención de serie Bibliothèque illustrée des histoires
504 ## - NOTA DE BIBLIOGRAFÍA, ETC.
Nota de bibliografía, etc. Bibliografía: p. 333-354.
650 14 - PUNTO DE ACCESO ADICIONAL DE MATERIA--TÉRMINO DE MATERIA
Término de materia o nombre geográfico como elemento de entrada Obras de arte-
Subdivisión general Mutilación, destrucción, etc.-
Subdivisión geográfica Roma (Ciudad)
9 (RLIN) 138169
651 #4 - PUNTO DE ACCESO ADICIONAL DE MATERIA--NOMBRE GEOGRÁFICO
Nombre geográfico Roma (Ciudad)-
Subdivisión general Historia-
Subdivisión cronológica 1527 (Saco)
9 (RLIN) 138170
830 1# - PUNTO DE ACCESO ADICIONAL DE SERIE-TÍTULO UNIFORME
Título uniforme Bibliothèque illustrée des histoires
9 (RLIN) 177490
852 ## - LOCALIZACIÓN
Ubicación ES-MaACL
Número de control de estantería L-13087
Nota libre - Enc. tela.
Holdings
Estatus retirado Estado de pérdida Estado de daño No para préstamo Biblioteca de origen Biblioteca actual Ubicación en estantería Fecha de adquisición Fuente de adquisición Total de préstamos Signatura topográfica completa Código de barras Visto por última vez Precio de reemplazo Tipo de ítem Koha
        Biblioteca del Ateneo de Madrid Biblioteca del Ateneo de Madrid Depósito 2 17/01/2008     L-13087 1006065 23/02/2023 23/02/2023 Libro impreso